000 00496nam a2200169 i 4500
001 62524
003 ES-MaACL
005 20231227182302.0
007 t|
008 031121s1918 sp ||||1| spa d
100 1 _aFernández Flórez, Wenceslao,
_d1885-1964
_949790
245 1 0 _aAcotaciones de un oyente /
_cWenceslao Fernández Flórez.
260 _aMadrid :
_b[s.n.],
_c1918 (
_fJuan Pueyo)
300 _a320 p. ;
_c19 cm.
852 _aES-MaACL
_jF-8292
999 _c62524
_d62524